000 00983nam a2200313Ia 4500
001 Z_5376
003 CHAP
008 220113s2000 xx 000 0 und d
010 _a168446
020 _a968-884-683-X
040 _cCHAP
082 _a338.926 U234
110 _aUniversidad Autónoma Chapingo. Departamento de Sociología Rural
_9142778
245 _aEstrategias de Transferencia de tecnología /
_cCoordinadores Bernardino Mata García y Ibis Sepúlveda González
260 _aMéxico :
_bUniversidad Autónoma Chapingo :,
_bDepartamento de Sociología Rural :,
_bIICA,
_c2000
300 _a219 p.
503 _aej.1 - ej.5:
504 _aIncluye bibliografía
650 _aAdopción de innovaciones
_9142779
650 _aMejoramiento agrícola
_9142780
650 _aSostenibilidad
_9142781
650 _aTransferencia de tecnología
_9114619
901 _a338.926 U234
902 _aM
910 _a2000
942 _c1
942 _cc1
999 _c168446
_d168446